Conjugate Duality and Optimization

Αποθηκεύτηκε σε:
Λεπτομέρειες βιβλιογραφικής εγγραφής
Κύριος συγγραφέας: Rockafellar, R. Tyrrell 1935-
Μορφή: Βιβλίο
Γλώσσα:English
Δημοσίευση: Philadelphia : Society for Industrial and Applied Mathematics, 1974
Σειρά:Regional conference series in applied mathematics ; ; 16
Θέματα:
Ετικέτες: Προσθήκη ετικέτας
Δεν υπάρχουν, Καταχωρήστε ετικέτα πρώτοι!

MARC

LEADER 00000nam a2200000 i 4500
001 1/48214
008 941103s1974 eng d
020 |a 0-89871-013-8 
035 |a 1995  |l 10043276 
040 |a GR-MY-UA  |b gre  |e aacr 
041 0 |a eng 
082 0 |a 515.7 
100 1 |a Rockafellar, R. Tyrrell  |d 1935- 
245 1 0 |a Conjugate Duality and Optimization /  |c R.Tyrrell Rockafellar 
260 |a Philadelphia :   |b Society for Industrial and Applied Mathematics,   |c 1974 
300 |a 74 p.;  |c 26 cm. 
490 1 |a Regional conference series in applied mathematics  |v ; 16 
500 |a Includes bibliographical reerences 
650 0 0 |a Mathematical optimization. 
650 0 0 |a Duality theory (Mathematics) 
830 0 |a Regional conference series in applied mathematics ;  |v ; 16 
852 |a INST  |b SAMOS  |e 19941103  |h 515.7 ROC  |p 005300003940  |q 005300003940  |t BK  |y 0 
852 |a INST  |b SAMOS  |e 19950314  |h 515.7 ROC  |p 005300005866  |q 005300005866  |t BK  |y 0 
909 |a Σ  |b 038438 
909 |a Σ  |b 020118